Обнаружение автомобильных аварий в реальном времени с применением нейросети архитектуры YOLOv3; Молодежь и современные информационные технологии

Detalles Bibliográficos
Parent link:Молодежь и современные информационные технологии.— 2021.— [С. 49-50]
Autor Principal: Ротарь В. Г. Виктор Григорьевич
Autor Corporativo: Национальный исследовательский Томский политехнический университет Инженерная школа информационных технологий и робототехники Отделение информационных технологий
Outros autores: Беляев С. И.
Summary:Заглавие с титульного экрана
Idioma:ruso
Publicado: 2021
Series:Искусственный интеллект и машинное обучение
Subjects:
Acceso en liña:http://earchive.tpu.ru/handle/11683/67953
Formato: Electrónico Capítulo de libro
KOHA link:https://koha.lib.tpu.ru/cgi-bin/koha/opac-detail.pl?biblionumber=633142

MARC

LEADER 00000naa2a2200000 4500
001 633142
005 20231101133739.0
035 |a (RuTPU)RU\TPU\conf\34890 
035 |a RU\TPU\conf\34889 
090 |a 633142 
100 |a 20210702d2021 k y0rusy50 ca 
101 0 |a rus 
102 |a RU 
105 |a y z 101zy 
135 |a drgn ---uucaa 
181 0 |a i  
182 0 |a b 
200 1 |a Обнаружение автомобильных аварий в реальном времени с применением нейросети архитектуры YOLOv3  |f В. Г. Ротарь, С. И. Беляев 
203 |a Текст  |c электронный 
225 1 |a Искусственный интеллект и машинное обучение 
230 |a 1 компьютерный файл (pdf; 480 Кb) 
300 |a Заглавие с титульного экрана 
320 |a [Библиогр.: с. 50 (4 назв.)] 
463 0 |0 (RuTPU)RU\TPU\conf\34857  |t Молодежь и современные информационные технологии  |o сборник трудов XVIII Международной научно-практической конференции студентов, аспирантов и молодых учёных, 22-26 марта 2021 г., г. Томск  |f Национальный исследовательский Томский политехнический университет, Инженерная школа информационных технологий и робототехники ; под ред. Н. Г. Маркова [и др.]  |v [С. 49-50]  |d 2021 
610 1 |a электронный ресурс 
610 1 |a труды учёных ТПУ 
610 1 |a обнаружение 
610 1 |a аварии 
610 1 |a реальное время 
610 1 |a нейронные сети 
610 1 |a нейросети 
610 1 |a компьютерное зрение 
610 1 |a программное обеспечение 
610 1 |a видеопотоки 
700 1 |a Ротарь  |b В. Г.  |c специалист в области автоматического управления  |c доцент Томского политехнического университета, кандидат технических наук  |f 1948-  |g Виктор Григорьевич  |2 stltpush  |3 (RuTPU)RU\TPU\pers\28047 
701 1 |a Беляев  |b С. И. 
712 0 2 |a Национальный исследовательский Томский политехнический университет  |b Инженерная школа информационных технологий и робототехники  |b Отделение информационных технологий  |h 7951  |2 stltpush  |3 (RuTPU)RU\TPU\col\23515 
801 2 |a RU  |b 63413507  |c 20210809  |g RCR 
856 4 |u http://earchive.tpu.ru/handle/11683/67953 
942 |c BK